|
|
|
|
| LEADER |
01621naa a2200325 i 4500 |
| 001 |
acta82706 |
| 005 |
20240123081701.0 |
| 008 |
231207s2018 hu o 100 hun d |
| 040 |
|
|
|a SZTE Egyetemi Kiadványok Repozitórium
|b hun
|
| 041 |
|
|
|a hun
|
| 245 |
0 |
0 |
|a II. Móra Kárpát-medencei Interdiszciplináris Szakkollégiumi Konferencia
|h [elektronikus dokumentum] :
|b 2018. november 30.-december 2. : [absztraktok]
|
| 260 |
|
|
|c 2018
|
| 300 |
|
|
|a 78
|
| 490 |
0 |
|
|a Móra Kárpát-medencei Interdiszciplináris Szakkollégiumi Konferencia
|v 2
|
| 650 |
|
4 |
|a Természettudományok
|
| 650 |
|
4 |
|a Matematika
|
| 650 |
|
4 |
|a Számítás- és információtudomány
|
| 650 |
|
4 |
|a Fizikai tudományok
|
| 650 |
|
4 |
|a Kémiai tudományok
|
| 650 |
|
4 |
|a Biológiai tudományok
|
| 650 |
|
4 |
|a Társadalomtudományok
|
| 650 |
|
4 |
|a Pszichológia
|
| 650 |
|
4 |
|a Közgazdasági és gazdálkodástudományok
|
| 650 |
|
4 |
|a Szociológia
|
| 650 |
|
4 |
|a Bölcsészettudományok
|
| 650 |
|
4 |
|a Történettudomány és régészet
|
| 650 |
|
4 |
|a Nyelvek és irodalom
|
| 695 |
|
|
|a Természettudomány - előadáskivonatok, Történettudomány - előadáskivonatok, Irodalomtudomány - előadáskivonatok, Politikatudomány - előadáskivonatok, Jogtudomány - előadáskivonatok, Gazdaságpolitika - előadáskivonatok, Pszichológia - előadáskivonatok, Szociológia - előadáskivonatok, Közgazdaságtan - előadáskivonatok
|
| 711 |
|
|
|a II. Móra Interdiszciplináris Kárpát-medencei Szakkollégiumi Konferencia
|c Szeged
|d 2018. november 30.-december 2.
|
| 856 |
4 |
0 |
|u http://acta.bibl.u-szeged.hu/82706/1/morakonf_2018.pdf
|z Dokumentum-elérés
|